000 00443nam a2200181Ia 4500
001 2904
005 20260306144841.0
008 260306t2018||||xx |||||||||||||| ||spa||
041 _aESP
082 _a232.1
_bM26 2018
100 _aMartínez Sierra, Alejandro
_eAUT
245 0 _aAntropología teológica fundamental
260 _c2018
300 _a228 páginas :
_c22 cm.
650 _aGEN
654 _aCHU
942 _cLIB
_dJUS
_fJUS
_2ddc
_n
999 _c2904
_d2904